|
|
|
|
| LEADER |
00000nab a2200000 a 4500 |
| 001 |
vtls000779569 |
| 003 |
SK-MaSNL |
| 005 |
20260304212906.0 |
| 008 |
250429c2001 xo 0 slo |
| 015 |
|
|
|a SNBRB2002/02-03846
|
| 035 |
|
|
|a CLN000131330
|
| 035 |
|
|
|a urn:nbn:sk:snk-ab6z4y
|
| 035 |
|
|
|a (uuid)c4af8be9-74bd-4462-9ede-8bd7b7cfe933
|
| 035 |
|
|
|a (urnnbn)urn:nbn:sk:snk:ar-a06c4i
|
| 035 |
|
|
|a (sysno)vtls000779569
|
| 040 |
|
|
|a SNKBUCL
|b slo
|c SNKBUCL
|e AACR2
|
| 041 |
0 |
|
|a eng
|
| 044 |
|
|
|a xo
|c SK
|
| 080 |
|
|
|a 616-006:614.875
|2 1997
|
| 100 |
1 |
|
|a Klepáček, Ivo,
|d 1953-
|4 aut
|9 98124
|
| 245 |
1 |
0 |
|a Embryotoxicity of TPPS4 and PS 3 photosensitizers in chicken embryo under different light conditions
|c I. Klepáček, M. Jirsa, M. Peterka
|
| 300 |
|
|
|b Graf, obr.
|
| 504 |
|
|
|a Res. angl.
|
| 504 |
|
|
|a Bibliogr. odkazy
|
| 650 |
0 |
7 |
|a nádory
|2 snkbucl
|9 15229
|
| 650 |
0 |
7 |
|a hematoporfyrínová fotoradiácia
|2 snkbucl
|9 1545312
|
| 650 |
0 |
7 |
|a embryá (zoológia)
|2 snkbucl
|9 259336
|
| 650 |
0 |
7 |
|a svetelná stimulácia
|2 snkbucl
|9 1545313
|
| 650 |
0 |
7 |
|a oxidačný stres
|2 snkbucl
|9 84767
|
| 655 |
|
7 |
|a štúdie
|2 snkbucl
|9 57033
|
| 655 |
|
7 |
|a články z novín a časopisov
|2 snkbucl
|9 267496
|
| 700 |
1 |
|
|a Jirsa, M.
|4 aut
|9 792940
|
| 700 |
1 |
|
|a Peterka, M.
|4 aut
|9 751470
|
| 773 |
0 |
|
|t Neoplasma
|g Roč. 48, č. 3 (2001), s. 214-220
|x 0028-2685
|
| 850 |
|
|
|a Slovenská národná knižnica
|
| 852 |
|
|
|a Slovenská národná knižnica
|
| 958 |
|
|
|a article27
|
| 958 |
|
|
|a NB
|
| 958 |
|
|
|a MI
|
| 958 |
|
|
|a OND
|
| 958 |
|
|
|a EUIPO
|
| 992 |
|
|
|a RBX
|
| 999 |
|
|
|c 3133339
|d 3135269
|